Discrete mathematics(Schaums) (Record no. 9087)

MARC details
000 -LEADER
fixed length control field 00461nam a2200217Ia 4500
001 - CONTROL NUMBER
control field 085982
003 - CONTROL NUMBER IDENTIFIER
control field YMCAF
005 - DATE AND TIME OF LATEST TRANSACTION
control field 20230512161535.0
008 - FIXED-LENGTH DATA ELEMENTS--GENERAL INFORMATION
fixed length control field 100717s2003 ||||||||||||||||| ||und|d
024 ## - OTHER STANDARD IDENTIFIER
Standard number or code 85982
035 ## - SYSTEM CONTROL NUMBER
System control number 25441
040 ## - CATALOGING SOURCE
Original cataloging agency YMCAF
Language of cataloging eng
Transcribing agency IN-KoLT
041 ## - LANGUAGE CODE
Language code of text/sound track or separate title eng
082 ## - DEWEY DECIMAL CLASSIFICATION NUMBER
Classification number 511.1
Item number LIP
100 ## - MAIN ENTRY--PERSONAL NAME
Personal name Lipschutz
245 #0 - TITLE STATEMENT
Title Discrete mathematics(Schaums)
250 ## - EDITION STATEMENT
Edition statement 2nd
260 ## - PUBLICATION, DISTRIBUTION, ETC.
Name of publisher, distributor, etc. TMH
Date of publication, distribution, etc. 2003
300 ## - PHYSICAL DESCRIPTION
Extent 528
942 ## - ADDED ENTRY ELEMENTS (KOHA)
Source of classification or shelving scheme Dewey Decimal Classification
Koha item type Books
Holdings
Withdrawn status Lost status Damaged status Not for loan Home library Current library Date acquired Cost, normal purchase price Total Checkouts Barcode Date last seen Cost, replacement price Price effective from Koha item type Public note G Date last checked out
        JC Bose University of Science & Technology JC Bose University of Science & Technology 17/07/2010 230.00   25450 12/05/2023 230.00 12/05/2023 Books C LDL5858  
        JC Bose University of Science & Technology JC Bose University of Science & Technology 17/07/2010 230.00 1 25441 12/12/2025 230.00 12/05/2023 Books C LDL5858 13/11/2025
        JC Bose University of Science & Technology JC Bose University of Science & Technology 17/07/2010 230.00   25442 12/05/2023 230.00 12/05/2023 Books C LDL5858  
        JC Bose University of Science & Technology JC Bose University of Science & Technology 17/07/2010 230.00 2 25443 04/12/2025 230.00 12/05/2023 Books C LDL5858 13/11/2025
        JC Bose University of Science & Technology JC Bose University of Science & Technology 17/07/2010 230.00 1 25444 13/02/2026 230.00 12/05/2023 Books C LDL5858 04/02/2026
        JC Bose University of Science & Technology JC Bose University of Science & Technology 17/07/2010 230.00 1 25445 14/05/2024 230.00 12/05/2023 Books C LDL5858 09/05/2024
        JC Bose University of Science & Technology JC Bose University of Science & Technology 17/07/2010 230.00   25446 12/05/2023 230.00 12/05/2023 Books C LDL5858  
        JC Bose University of Science & Technology JC Bose University of Science & Technology 17/07/2010 230.00 1 25447 14/08/2024 230.00 12/05/2023 Books C LDL5858 24/07/2024
        JC Bose University of Science & Technology JC Bose University of Science & Technology 17/07/2010 230.00   25448 12/05/2023 230.00 12/05/2023 Books C LDL5858  
        JC Bose University of Science & Technology JC Bose University of Science & Technology 17/07/2010 230.00   25449 12/05/2023 230.00 12/05/2023 Books C LDL5858